Dream chasers
| Main Author: | |
|---|---|
| Format: | Book |
| Published: |
New York :
Severn House Publishers ,
1991
|
MARC
| LEADER | 00000cam a2200000 7i4500 | ||
|---|---|---|---|
| 001 | 0000000655 | ||
| 002 | 000000750 | ||
| 005 | 20000330.0 | ||
| 020 | |a 0727842048 | ||
| 090 | 0 | 0 | |a F |b MCA |
| 100 | 1 | |a MCALLISTER, Anne | |
| 245 | 1 | 0 | |a Dream chasers |c Anne McAllister |
| 260 | |a New York : |b Severn House Publishers , |c 1991 | ||
| 300 | |a 253 p. ; |c 22 cm. | ||
| 999 | |a 030480 |b BUKU |c PINJAMAN |e PERPUSTAKAAN KOMUNITI PETALING JAYA | ||